| 000 | 01061nam a2200265Ia 4500 | ||
|---|---|---|---|
| 003 | OSt | ||
| 005 | 20221005105150.0 | ||
| 006 | a|||||r|||| 00| 0 | ||
| 007 | ta | ||
| 008 | 221004b |||||||| |||| 00| 0 hin d | ||
| 020 |
_a9788179753170 (hbk) _c680 |
||
| 024 | _a106933 | ||
| 037 |
_b1463, 17/03/2011, Kiran Book Service _cTextual |
||
| 040 |
_aCRL _cCRL _bhin |
||
| 041 |
_2hin _ahin |
||
| 082 | _a4:(Y5927), 152Q0 | ||
| 100 | _aश्यौराजसिंह ‘बेचैन’ | ||
| 245 | 0 | _aअम्बेडकर गांधी और दलित पत्रकारिता | |
| 246 | _aAmbeḍakar gāandhī aur dalit patrakāritā | ||
| 260 |
_aनई दिल्ली _bअनामिका पब्लिशर्स भारत _c2010 |
||
| 300 |
_a375पृ0 _ccm. |
||
| 650 | _aहिन्दी पत्रकारिता | ||
| 942 |
_h4:(Y5927), 152Q0 _cTEXL _2cc |
||
| 999 |
_c1014979 _d1014979 |
||